000 01381nam a2200265Ia 4500
999 _c37738
_d37738
001 3713
003 GE_BSU
005 20190628143345.0
008 181216s2012||||ge |||||||||||||| ||geo||
020 _a9789941196409
040 _cGE_BSU
080 _a27-9+27-242+27-246 გ–59
100 _aგოგებაშვილი, იაკობ
_92095
245 _aსაღმრთო ისტორია :
_bკოლექცია ბავშვებისათვის : [24 წიგნად]. წ. 19 /
_cტექსტის რედ. მუშაობდნენ: ზურაბ სარჯველაძე, თამაზ ტონია, თამაზ ჩუბინიძე
264 _aთბილისი :
_bპალიტრა L,
_c2012.
300 _a47 გვ. ;
_b20 სმ.
653 _aრელიგია
653 _aქრისტიანობა
700 _aსარჯველაძე, ზურაბ
_eრედაქტორი
_93044
700 _aტონია, თამაზ
_eრედაქტორი
_93045
700 _aჩუბინიძე, თამაზ
_eრედაქტორი
_92098
700 _aკაკაბაძე, გოჩა
_eმხატვარი
_92099
700 _aშენგელია, მამუკა
_eმხატვარი
_92100
942 _cBK
_2udc